| 000 | 00855nas a2200277 4500 | ||
|---|---|---|---|
| 001 | BR0202407 | ||
| 003 | BR-BrBNA | ||
| 005 | 20231205102941.0 | ||
| 007 | ta | ||
| 008 | 230509b bl.|||p| |||| 00| 00por d | ||
| 040 |
_aBR-BrBNA _bpor _cBiblioteca Nacional de Agricultura |
||
| 041 | _a(Pt) | ||
| 072 | _aH10 | ||
| 100 | 1 | _aAugustin, E. | |
| 100 | 1 | _aLoeck, A.E. | |
| 100 | 1 | _aStorch, G. | |
| 100 | 1 | _aGrützmacher, D.D. | |
| 100 | 1 | _aAfonso, A.P.S. | |
| 100 | 1 | _aGusmão, L.G. | |
| 245 | 1 | _aIdentificação de formigas cortadeiras do gênero Acromyrmex (Hymenoptera: Formicidae)através de isoenzimas | |
| 650 | _aFORMIGA | ||
| 650 | _aBIOLOGIA | ||
| 773 | 0 |
_tRevista Brasileira de Agrociência (Brazil) _xISSN 0104-8996 _g(Sep-Dec 1999), v. 5(3) p. 216-219 _wBR0202407 |
|
| 909 |
_a202311 _bLúcia _c55 _dLúcia Elande |
||
| 942 |
_2AGRIS _n0 _cANA |
||
| 999 |
_c170227 _d170227 |
||